Gilligan's Island Theme Quiz Stats

Quiz Updated Jul 16, 2015

Challenge
Share
Tweet
Score 0/115 Timer 05:00
1 Play Today
% Correct
a
97.7%
A
97.7%
a
97.7%
a
97.7%
a
97.7%
a
97.7%
The
95.4%
the
95.4%
The
95.4%
the
95.4%
the
95.4%
the
95.4%
the
95.4%
The
95.4%
The
95.4%
the
95.4%
The
95.4%
The
95.4%
The
95.4%
The
95.4%
and
94%
and
94%
And
94%
and
94%
Gilligan,
90.3%
Skipper
89.1%
Skipper
89.1%
on
88.2%
on
88.2%
star,
87.6%
of
86.5%
of
86.5%
of
86.5%
ship.
86.5%
ship
86.5%
ship
86.5%
professor
84.2%
three
84.2%
three
84.2%
% Correct
hour
84%
hour
84%
Mary
83.3%
wife,
83.2%
isle.
83.1%
Isle.
83.1%
movie
82.9%
his
82.5%
tour,
82.4%
tour.
82.4%
tale.
82.1%
tale
82.1%
Ann.
82%
millionaire
80.6%
Here
80.4%
Gilligan's
79.5%
was
78.8%
was
78.8%
sit
77%
right
76.9%
too.
76%
lost.
75.2%
lost.
75.2%
be
75.1%
be
75.1%
hear
74.3%
for
74.2%
for
74.2%
tiny
73.4%
tiny
73.4%
trip.
72.7%
Minnow
72.2%
Minnow
72.2%
back
72.1%
sail
71.9%
crew,
71.8%
started
71.4%
started
71.4%
would
71%
% Correct
would
71%
Just
70.3%
this
69.6%
this
69.6%
this
69.6%
fateful
69.3%
That
69.1%
that
69.1%
you'll
68.9%
If
68.5%
tossed.
67.5%
not
66.6%
rough,
65.9%
set
65%
set
65%
getting
64.9%
weather
64.6%
brave
62.6%
desert
62.1%
With
61.3%
day,
61.2%
aboard
61.2%
fearless
60.9%
mighty
60.6%
man,
60.6%
mate
60.2%
courage
58.6%
sure;
56.1%
shore
56.1%
from
54.6%
tropic
52.6%
port,
52.6%
sailin'
51.8%
passengers
47.8%
uncharted
46.3%
five
46.3%
ground
42.2%

You're not logged in!

Compare scores with friends on all Sporcle quizzes.
Join for Free
OR
Log In

You Might Also Like...

Show Comments

Extras

Top Quizzes Today


Score Distribution

Your Account Isn't Verified!

In order to create a playlist on Sporcle, you need to verify the email address you used during registration. Go to your Sporcle Settings to finish the process.

Report this User

Report this user for behavior that violates our Community Guidelines.

Details: